الهروي النحوي من خلال كتابه الأزهية في علم الحروف /
Saved in:
| Main Author: | |
|---|---|
| Other Authors: | |
| Format: | Thesis |
| Language: | Arabic |
| Published: |
Makkah :
Jami'at Umm al-Qura,
2008.
|
| Subjects: | |
| Tags: |
Add Tag
No Tags, Be the first to tag this record!
|
| LEADER | 015860000a22003370004500 | ||
|---|---|---|---|
| 008 | 130614s2008 su f 000 0 ara d | ||
| 040 | |a UIAM |b eng | ||
| 041 | |a ara | ||
| 050 | 0 | 0 | |a PJ6148 |
| 100 | 1 | |a جهني، نورة بنت سليم |9 87059 | |
| 242 | 1 | 3 | |a al-Harawi al-nahwi min khilal kitabihi al-Azhiyah fi 'ilm al-huruf |
| 245 | 1 | 2 | |a الهروي النحوي من خلال كتابه الأزهية في علم الحروف / |c نورة بنت سليم بن صالح المشدق الجهني |
| 260 | |a Makkah : |b Jami'at Umm al-Qura, |c 2008. | ||
| 300 | |a 285 leaves ; |c 30 cm. | ||
| 336 | |2 rdacontent | ||
| 337 | |2 rdamedia | ||
| 338 | |2 rdacarrier | ||
| 500 | |a "بحث تكميلي لنيل درجة الماجستير" --On t.p. | ||
| 500 | |a Abstract in English and Arabic. | ||
| 502 | |a Thesis (M.A.)--Jami'at Umm al-Qura, 2008. | ||
| 504 | |a Includes bibliographical references (leaves 273-285). | ||
| 600 | 1 | 0 | |a Harawi, 'Ali ibn Muhammad, |d 980 or 81-ca. 1024. |t al-Azhiyah fi 'ilm al-huruf |9 87060 |
| 650 | 0 | |a Arabic language |x Particles Early works to 1800 |9 54050 | |
| 655 | |a Theses, Facsimile edition (Islamic) | ||
| 700 | 1 | |a AlJuhani, Nourah Saleem |9 87061 | |
| 710 | 2 | |a Jami'at Umm al-Qura. |b Kulliyat al-Lughah al-'Arabiyah |9 87062 | |
| 710 | 2 | |a جامعة أم القرى. |b كلية اللغة العربية |9 87063 | |
| 900 | |a arf-sar | ||
| 942 | |2 lcc |n 0 | ||
| 999 | |c 433589 |d 463591 | ||
| 952 | |0 0 |6 TI PJ 006128 H254A3 J93 2008 |7 0 |8 THESES |9 757064 |a IIUM |b IIUM |c MULTIMEDIA |g 358.20 |o ti PJ 6128 H254A3 J93 2008 |p 00011276077 |r 2017-10-23 |t 1 |v 358.20 |y THESIS | ||
